Roteiro para elaboracao das leis organicas municipais (Registro nro. 7368)

Detalles MARC
000 -CABECERA
campo de control de longitud fija 00586nam a2200229Ia 4500
001 - NÚMERO DE CONTROL
campo de control 7368
003 - IDENTIFICADOR DEL NÚMERO DE CONTROL
campo de control 14933
005 - FECHA Y HORA DE LA ÚLTIMA TRANSACCIÓN
campo de control 20241225063449.0
008 - DATOS DE LONGITUD FIJA--INFORMACIÓN GENERAL
campo de control de longitud fija ||||||n9999 ||| || ||
041 ## - CÓDIGO DE LENGUA
Código de lengua del texto/banda sonora o título independiente por
082 ## - NÚMERO DE LA CLASIFICACIÓN DECIMAL DEWEY
Número de edición 19
Número de clasificación 352.82
100 ## - ENTRADA PRINCIPAL--NOMBRE DE PERSONA
Nombre de persona Monteiro, Yara Darcy Police
9 (RLIN) 13030
245 #0 - MENCIÓN DE TÍTULO
Título Roteiro para elaboracao das leis organicas municipais
260 ## - PUBLICACIÓN, DISTRIBUCIÓN, ETC.
Lugar de publicación, distribución, etc. Brasil :
Nombre del editor, distribuidor, etc. Fundacao Prefeito Faria Lima. CEPAM,
Fecha de publicación, distribución, etc. 1989.
300 ## - DESCRIPCIÓN FÍSICA
Extensión 3v
562 ## - NOTA DE IDENTIFICACIÓN DE LA COPIA Y VERSIÓN
Número de copias 3
526 ## - NOTA DE INFORMACIÓN SOBRE EL PROGRAMA DE ESTUDIO
Nombre del programa 51868 - ADMINISTRACIÓN PÚBLICA - Presencial
526 ## - NOTA DE INFORMACIÓN SOBRE EL PROGRAMA DE ESTUDIO
Nombre del programa 1697 - ADMINISTRACIÓN PÚBLICA TERRITORIAL - A distancia
650 #0 - PUNTO DE ACCESO ADICIONAL DE MATERIA--TÉRMINO DE MATERIA
Término de materia o nombre geográfico como elemento de entrada Administración municipal
9 (RLIN) 2520
650 #0 - PUNTO DE ACCESO ADICIONAL DE MATERIA--TÉRMINO DE MATERIA
Término de materia o nombre geográfico como elemento de entrada Brasil
9 (RLIN) 2679
942 ## - ELEMENTOS DE PUNTO DE ACCESO ADICIONAL (KOHA)
Tipo de ítem Koha Libro
Existencias
Estado de retiro Estado de pérdida Estado dañado No para préstamo Código de colección Localización permanente Ubicación/localización actual Fecha de adquisición Coste, precio normal de compra Signatura topográfica completa Código de barras Número de copia Tipo de ítem Koha
        General Bogotá - Sede Central Bogotá - Sede Central 01/02/2024 100.00 352.82 M375 v1 37048 1 Libro
        General Bogotá - Sede Central Bogotá - Sede Central 01/02/2024 100.00 352.82 M375 v2 37051 2 Libro
        General Bogotá - Sede Central Bogotá - Sede Central 01/02/2024 100.00 352.82 M375 v3 37050 3 Libro